| 000 | 00600 a2200181 4500 | ||
|---|---|---|---|
| 999 |
_c183461 _d183461 |
||
| 005 | 20211227102112.0 | ||
| 010 | _aENG-130647 | ||
| 020 |
_a978-0190--121-143 _c1295.00 |
||
| 035 | _aEN-114179 | ||
| 037 | _bDBAD/PUB | ||
| 082 | _a338.927 | ||
| 100 | _aSengupta, Ramprasad | ||
| 245 |
_aEntropy Law, Sustainability, and Third Industrial Revolution: _cRamprasad Sengupta |
||
| 260 |
_aNew Delhi _bOxford University Press _c2020 |
||
| 270 |
_a22 Workspace, 2nd Floor, 1/22, Asaf Ali Road _bNew Delhi _e110002 |
||
| 300 |
_a272p. _c22cm (hbk) |
||
| 942 |
_adpl _cEN _2ddc _h338.927 _mRAM |
||